| 000 | 00591nam a22002057a 4500 | ||
|---|---|---|---|
| 999 |
_c4036 _d4036 |
||
| 003 | OSt | ||
| 005 | 20210121114452.0 | ||
| 008 | 160513b xxu||||| |||| 00| 0 eng d | ||
| 020 | _a9780443068485 | ||
| 040 | _c040a | ||
| 082 |
_aWB115 _bM225g 2009 |
||
| 100 |
_aEdited by Graham Douglas; Fiona Nicol; Colin Robertson _913850 |
||
| 245 | _aMacleod's Clinical Examination | ||
| 250 | _a12th.ed | ||
| 260 |
_aEdinburgh; _bChurchill Livingstone, _c2009 |
||
| 300 |
_axiii, 476p; _bcol.ill: _c16 cm. |
||
| 504 | _aIncludes index | ||
| 650 |
_aClinical examinations _98797 |
||
| 942 |
_2ddc _cSLOAN |
||